000 01357nim a2200337 i 4500
001 197145
003 ES-MaACL
005 20250828062545.0
007 ss lsnjlcipnne
008 290425s1990 sp nnnn |||| 00| spa d
040 _bspa
_cES-MaACL
100 0 _998121
_aRodero, José María
_eaut
245 0 0 _aMis poemas favoritos
_h[Grabación sonora] :
_bconferencia /
_cpor D. José María Rodero
260 _aMadrid :
_bAteneo de Madrid,
_c1990.
300 _a1 casete (ca. 90 min) :
_bson. ;
_c11 cm
490 1 _3Actos culturales en el Ateneo de Madrid
518 _aGrabado el 9 de febrero de 1990 en el Salón de Actos del Ateneo de Madrid.
520 _aConferencia sobre "Mis poemas favoritos" por el actor José María Rodero. En colaboración con la Sección de Teatro.
540 _aDocumento inédito
594 _5Datos basados en la invitación.
610 2 0 _aAteneo de Madrid-
_xActos culturales-
_y1990-
_vGrabaciones sonoras
_9240083
653 _aArchivo de la palabra
655 0 _aConferencias
_9234444
655 7 _2tgfbne
_9176539
_aPoesías
710 2 _aAteneo de Madrid.
_ehis
_91997
_bSección de Literatura
830 0 _aActos culturales en el Ateneo de Madrid
_9240237
852 _aES-MaACL
_cDEPOZ
_9205128
942 _2udc
_n0
_cCINTASAUD
999 _c197145
_d197145